[Event "III Festival Magistrale"]
[Site "Montecatini Terme ITA"]
[Date "1994.07.??"]
[Round "?"]
[White "Scotti, Umberto"]
[Black "Guido, Flavio"]
[Result "0-1"]
[WhiteElo "2250"]
[BlackElo "2320"]
[PlyCount "38"]
[EventDate "1994.07.30"]

1. e4 c5 2. c3 e6 3. d4 d5 4. exd5 exd5 5. Nf3 Nc6 6. dxc5 Bxc5 7. Bd3 Nge7 8.
O-O O-O 9. Nbd2 h6 10. Nb3 Bd6 11. Be3 Bg4 12. Be2 Re8 13. Nbd4 Ng6 14. Qd2 Qf6
15. Rfe1 Nf4 16. Bf1 Re4 17. Bd3 Nxg2 18. Bxe4 dxe4 19. Kxg2 exf3+ 0-1

[Event "III Festival Magistrale"]
[Site "Montecatini Terme ITA"]
[Date "1994.07.??"]
[Round "?"]
[White "Sgnaolin, Davide"]
[Black "Astengo, Marcello"]
[Result "0-1"]
[WhiteElo "1925"]
[BlackElo "2080"]
[PlyCount "108"]
[EventDate "1994.07.30"]

1. e4 e6 2. d4 d5 3. Nc3 Bb4 4. Nge2 dxe4 5. a3 Be7 6. Nxe4 Nf6 7. Qd3 O-O 8.
Nxf6+ Bxf6 9. Be3 b6 10. Qe4 Qd5 11. Nc3 Qxe4 12. Nxe4 Nd7 13. g3 Bb7 14. Bg2
Rab8 15. Nxf6+ Nxf6 16. Bxb7 Rxb7 17. O-O-O a5 18. f3 b5 19. c3 b4 20. axb4
axb4 21. c4 Ra8 22. Kc2 Nd7 23. Ra1 Rc8 24. b3 e5 25. d5 f5 26. Ra6 Nf6 27.
Rha1 Kf7 28. Ra7 Rcb8 29. R1a4 Nd7 30. c5 Nf6 31. d6 cxd6 32. c6 Rxa7 33. Rxa7+
Ke6 34. Rxg7 Rc8 35. c7 Nd5 36. Bd2 Rxc7+ 37. Rxc7 Nxc7 38. Bxb4 Nb5 39. Bc3 d5
40. Kd3 d4 41. Bb4 Kd5 42. Ba5 e4+ 43. fxe4+ fxe4+ 44. Kd2 Na7 45. Ke2 Nc6 46.
Bc7 d3+ 47. Ke3 Nd4 48. g4 Nxb3 49. g5 d2 50. Ke2 e3 51. Bb6 Nc1+ 52. Kd1 Ke4
53. Kc2 Kf3 54. Kd1 Nd3 0-1

[Event "III Festival Magistrale"]
[Site "Montecatini Terme ITA"]
[Date "1994.07.??"]
[Round "?"]
[White "Sgnaolin, Davide"]
[Black "Picardi, Angelo"]
[WhiteElo "1925"]
[BlackElo "2123"]
[Result "1/2-1/2"]
[PlyCount "52"]
[EventDate "1994.07.30"]

1. e4 e6 2. d4 d5 3. Nc3 Nf6 4. Bg5 Be7 5. Bxf6 Bxf6 6. e5 Be7 7. Qg4 O-O 8.
O-O-O c5 9. Nf3 Nc6 10. h4 f5 11. Qh5 cxd4 12. Nb5 Bd7 13. Nfxd4 Nxe5 14. Qe2
Bf6 15. f4 Nc4 16. Qe1 Nxb2 17. Nxe6 Qb6 18. Nxf8 Bxb5 19. Bxb5 Nxd1 20. Qe6+
Kxf8 21. Qxb6 axb6 22. Rxd1 d4 23. a4 Rc8 24. g3 Rc3 25. Rd3 Rxd3 26. Bxd3 Ke7
1/2-1/2

[Event "III Festival Magistrale"]
[Site "Montecatini Terme ITA"]
[Date "1994.07.??"]
[Round "?"]
[White "Sgnaolin, Davide"]
[Black "Wagman, Stuart"]
[Result "0-1"]
[WhiteElo "1925"]
[BlackElo "2210"]
[PlyCount "68"]
[EventDate "1994.07.30"]

1. e4 e5 2. Bc4 Nf6 3. Qe2 Bc5 4. Nf3 Nc6 5. c3 O-O 6. Bb3 d6 7. d3 a6 8. Nbd2
Ba7 9. Nf1 h6 10. Ng3 Ne7 11. h3 Ng6 12. Nh2 d5 13. Bc2 Be6 14. O-O Qd7 15. Nh5
Nxh5 16. Qxh5 dxe4 17. dxe4 Qe7 18. Ng4 Bxg4 19. Qxg4 Rad8 20. g3 Rd6 21. h4
Rfd8 22. h5 Nf8 23. Kh2 Nh7 24. Kh1 Nf6 25. Qf5 Qe6 26. Qxe6 Rxe6 27. Bb3 Ree8
28. f4 Nxe4 29. Kg2 Nc5 30. Bc4 Nd3 31. fxe5 Nxe5 32. Bb3 c5 33. Bf4 c4 34. Bc2
Nd3 0-1

[Event "III Festival Magistrale"]
[Site "Montecatini Terme ITA"]
[Date "1994.07.??"]
[Round "?"]
[White "Solinas, Carlo"]
[Black "Capuano, Eugenio"]
[WhiteElo "2018"]
[BlackElo "2025"]
[Result "1/2-1/2"]
[PlyCount "44"]
[EventDate "1994.07.30"]

1. e4 c5 2. d4 cxd4 3. c3 Nf6 4. e5 Nd5 5. cxd4 Nc6 6. Nf3 d6 7. Bc4 Nb6 8.
Bxf7+ Kxf7 9. Ng5+ Ke8 10. e6 Qc7 11. O-O Nb4 12. Nc3 Qc4 13. Re1 Qd3 14. Bd2
h6 15. Re3 Qc2 16. Nf7 Qxd1+ 17. Rxd1 Rg8 18. Nb5 Nc4 19. Rg3 Bxe6 20. Nxh6
gxh6 21. Rxg8 Bxg8 22. Re1 Kd7 1/2-1/2

[Event "III Festival Magistrale"]
[Site "Montecatini Terme ITA"]
[Date "1994.07.??"]
[Round "?"]
[White "Solinas, Carlo"]
[Black "Ciolac, Gheorghe"]
[Result "1-0"]
[WhiteElo "2018"]
[BlackElo "2390"]
[PlyCount "81"]
[EventDate "1994.07.30"]

1. e4 e5 2. Nf3 Nc6 3. d4 exd4 4. Bc4 Nf6 5. O-O Nxe4 6. Re1 d5 7. Bxd5 Qxd5 8.
Nc3 Qa5 9. Nxe4 Be6 10. Bd2 Qf5 11. Bg5 Bd6 12. Nxd4 Nxd4 13. Qxd4 O-O 14. Bf6
gxf6 15. Nxf6+ Kh8 16. Re4 Rad8 17. Qc3 Be7 18. Nh5+ f6 19. Ng3 Qd5 20. Rae1
Rd6 21. Qe3 Qxa2 22. Rxe6 Rxe6 23. Qxe6 Qxe6 24. Rxe6 Bd8 25. Nf5 Kg8 26. f3
Kf7 27. Re4 Re8 28. Rd4 Be7 29. Kf1 Rd8 30. Rh4 Bf8 31. Ke2 Kg6 32. Nd4 Bh6 33.
f4 Rd5 34. c4 Rd7 35. Kf3 Bf8 36. f5+ Kg5 37. Rg4+ Kh5 38. g3 Bc5 39. Rh4+ Kg5
40. Ne6+ Kxf5 41. Nxc5 1-0

[Event "III Festival Magistrale"]
[Site "Montecatini Terme ITA"]
[Date "1994.07.??"]
[Round "?"]
[White "Solinas, Carlo"]
[Black "Ferretti, Folco"]
[Result "0-1"]
[WhiteElo "2018"]
[BlackElo "2285"]
[PlyCount "104"]
[EventDate "1994.07.30"]

1. e4 Nf6 2. e5 Nd5 3. d4 d6 4. c4 Nb6 5. f4 dxe5 6. fxe5 Nc6 7. Be3 Bf5 8. Nc3
e6 9. Nf3 Bg4 10. Be2 Bxf3 11. gxf3 Qh4+ 12. Bf2 Qf4 13. c5 Nd7 14. Qc1 Qxc1+
15. Rxc1 f6 16. f4 O-O-O 17. Bc4 fxe5 18. fxe5 Re8 19. a3 g6 20. Be3 Bg7 21.
Ke2 Nd8 22. Rcf1 Rhf8 23. b4 Nf7 24. Ne4 Re7 25. b5 Nh6 26. Ng5 Rfe8 27. a4 Nf5
28. Ne4 Rd8 29. a5 Nf8 30. Rd1 Red7 31. c6 Nxd4+ 32. Bxd4 Rxd4 33. Nd6+ cxd6
34. cxb7+ Kxb7 35. Rxd4 Bxe5 36. Re4 Rc8 37. Bd3 Nd7 38. Rf1 Nc5 39. Rh4 Rc7
40. Bc2 Bc3 41. a6+ Kb6 42. Rc4 Be5 43. Bd3 d5 44. Rc2 Bxh2 45. Rf8 Rd7 46. Rc8
Bc7 47. Ke3 e5 48. Bf1 d4+ 49. Kd2 e4 50. Rc4 e3+ 51. Kd1 d3 52. Rxc5 e2+ 0-1

[Event "III Festival Magistrale"]
[Site "Montecatini Terme ITA"]
[Date "1994.07.??"]
[Round "?"]
[White "Solinas, Carlo"]
[Black "Leoncini, Mario"]
[Result "1-0"]
[WhiteElo "2018"]
[BlackElo "2195"]
[PlyCount "41"]
[EventDate "1994.07.30"]

1. e4 c5 2. Nf3 Nc6 3. d4 cxd4 4. c3 d5 5. exd5 Qxd5 6. cxd4 e6 7. Nc3 Qd8 8.
Bd3 Nf6 9. O-O Be7 10. Qe2 O-O 11. Rd1 Nb4 12. Ne5 Nxd3 13. Rxd3 Re8 14. Qf3
Rf8 15. Qe2 Qe8 16. Rh3 Qd8 17. Be3 Bd7 18. g4 g6 19. Bh6 Re8 20. g5 Nh5 21.
Rxh5 1-0

[Event "III Festival Magistrale"]
[Site "Montecatini Terme ITA"]
[Date "1994.07.??"]
[Round "?"]
[White "Sulava, Nenad"]
[Black "Battaggia, Piergiorgio"]
[Result "1-0"]
[WhiteElo "2410"]
[BlackElo "2003"]
[PlyCount "47"]
[EventDate "1994.07.30"]

1. d4 Nf6 2. c4 e6 3. Nc3 Bb4 4. Bg5 h6 5. Bh4 c5 6. d5 e5 7. e3 d6 8. Bd3 e4
9. Bc2 Bxc3+ 10. bxc3 O-O 11. Ne2 Bf5 12. f4 exf3 13. Bxf5 fxe2 14. Qxe2 Qe7
15. O-O g5 16. Bg3 Nbd7 17. Rf2 Ne5 18. Raf1 Rae8 19. Bb1 Nfd7 20. Bc2 Kg7 21.
a4 b6 22. h4 Ng6 23. Qh5 gxh4 24. Rxf7+ 1-0

[Event "III Festival Magistrale"]
[Site "Montecatini Terme ITA"]
[Date "1994.07.??"]
[Round "?"]
[White "Sulava, Nenad"]
[Black "Ferretti, Folco"]
[Result "1-0"]
[WhiteElo "2410"]
[BlackElo "2285"]
[PlyCount "55"]
[EventDate "1994.07.30"]

1. d4 d5 2. c4 c6 3. Nf3 Nf6 4. Nc3 a6 5. a4 g6 6. e3 Bg7 7. Bd3 O-O 8. O-O c5
9. dxc5 dxc4 10. Bxc4 Qa5 11. Qe2 Qxc5 12. e4 Nc6 13. e5 Ng4 14. Ne4 Qa5 15. e6
f5 16. Neg5 Nce5 17. Bd2 Qc7 18. Ba2 h6 19. Nxe5 Qxe5 20. Qxe5 Nxe5 21. Nf7 Nd3
22. Nxh6+ Kh7 23. Nf7 Bf6 24. b4 Bxa1 25. Rxa1 b5 26. Bd5 Rb8 27. Ra3 Bb7 28.
Rxd3 1-0

[Event "III Festival Magistrale"]
[Site "Montecatini Terme ITA"]
[Date "1994.07.??"]
[Round "?"]
[White "Sulava, Nenad"]
[Black "Malaniuk, Vladimir P."]
[Result "0-1"]
[WhiteElo "2410"]
[BlackElo "2610"]
[PlyCount "46"]
[EventDate "1994.07.30"]

1. d4 f5 2. g3 Nf6 3. Bg2 g6 4. h4 Bg7 5. h5 Nxh5 6. e4 e6 7. exf5 exf5 8. Rxh5
Qe7+ 9. Be3 gxh5 10. Nc3 c6 11. Qxh5+ Qf7 12. Qh2 d6 13. Nh3 Nd7 14. O-O-O Nf6
15. Re1 O-O 16. Nf4 Ng4 17. Qh3 Be6 18. Rh1 h6 19. Qh5 Rae8 20. Nxe6 Rxe6 21.
Nd5 cxd5 22. Bxd5 Qd7 23. Bb3 Kh7 0-1

[Event "III Festival Magistrale"]
[Site "Montecatini Terme ITA"]
[Date "1994.07.??"]
[Round "?"]
[White "Sulava, Nenad"]
[Black "Tocchioni, Doriano"]
[Result "1-0"]
[WhiteElo "2410"]
[BlackElo "2265"]
[PlyCount "81"]
[EventDate "1994.07.30"]

1. d4 c6 2. c4 d5 3. Nf3 Nf6 4. Nc3 e6 5. Bg5 Nbd7 6. e3 Qa5 7. Nd2 Bb4 8. Qc2
dxc4 9. Bxf6 gxf6 10. Nxc4 Qc7 11. Be2 b6 12. O-O Bb7 13. Bf3 Rc8 14. a3 Be7
15. b4 O-O 16. Rfd1 Kh8 17. Rac1 Rg8 18. g3 Qb8 19. Qb2 Nf8 20. b5 Ng6 21. bxc6
Bxc6 22. d5 Bb7 23. Ne4 Rxc4 24. Rxc4 Ne5 25. Nd2 Nxc4 26. Nxc4 Rc8 27. d6 Bd8
28. Nd2 Bxf3 29. Nxf3 Qb7 30. Kg2 Rc5 31. Rd4 Kg8 32. Rg4+ Rg5 33. Rd4 Rc5 34.
e4 f5 35. exf5 Rxf5 36. Rg4+ Bg5 37. Qc3 h5 38. Rxg5+ Rxg5 39. d7 Qxd7 40. Nxg5
Qd5+ 41. Nf3 1-0

[Event "III Festival Magistrale"]
[Site "Montecatini Terme ITA"]
[Date "1994.07.??"]
[Round "?"]
[White "Temi, Walter"]
[Black "Berg, Daniel"]
[Result "0-1"]
[WhiteElo "2020"]
[BlackElo "2320"]
[PlyCount "54"]
[EventDate "1994.07.30"]

1. e4 d6 2. d4 Nf6 3. Nc3 g6 4. Nf3 Bg7 5. Be2 O-O 6. Be3 Bg4 7. Qd2 Nc6 8.
O-O-O a6 9. h3 Bxf3 10. gxf3 e5 11. dxe5 dxe5 12. f4 exf4 13. Bxf4 Qe7 14. Bd3
Qe6 15. Bh6 Nb4 16. Bxg7 Kxg7 17. Kb1 c5 18. Rhe1 Rad8 19. Qe3 c4 20. Bf1 Rxd1+
21. Rxd1 Re8 22. Qc5 Nc6 23. f3 Nh5 24. Nd5 Rc8 25. Qxc4 f6 26. Qd3 Rd8 27. Qb3
Rd7 0-1

[Event "III Festival Magistrale"]
[Site "Montecatini Terme ITA"]
[Date "1994.07.??"]
[Round "?"]
[White "Temi, Walter"]
[Black "Bonugli, Carlo"]
[WhiteElo "2020"]
[BlackElo "1934"]
[Result "1/2-1/2"]
[PlyCount "119"]
[EventDate "1994.07.30"]

1. e4 e6 2. d4 d5 3. e5 c5 4. c3 Nc6 5. Nf3 Bd7 6. Bd3 Rc8 7. a3 cxd4 8. cxd4
Qb6 9. Bc2 g5 10. h3 Nxd4 11. Qxd4 Rxc2 12. Qxb6 axb6 13. Nc3 Bc5 14. Kd1 Rxf2
15. b4 Bf8 16. Rg1 Bg7 17. Be3 Rxf3 18. gxf3 Bxe5 19. Bd2 h6 20. Rb1 Ne7 21. b5
Bd4 22. Rh1 Nf5 23. Ne2 Bc5 24. a4 Ke7 25. Bb4 e5 26. Kd2 Nd6 27. Nc3 Bf5 28.
Bxc5 bxc5 29. Nxd5+ Ke6 30. Nc7+ Kd7 31. Rbc1 Kxc7 32. Rxc5+ Kd7 33. Rhc1 Ra8
34. Ra1 Be4 35. Ke3 Bf5 36. a5 Be6 37. a6 b6 38. Rcc1 Bc4 39. Rab1 Bxb5 40. Rd1
Bc6 41. Ra1 f5 42. Rd2 Ke6 43. Rc2 Bd5 44. Rc7 b5 45. a7 f4+ 46. Ke2 b4 47. Ra6
e4 48. fxe4 Bxe4 49. Rb6 h5 50. Rg7 g4 51. hxg4 hxg4 52. Rxg4 Rxa7 53. Rxf4 Ke5
54. Rxe4+ Nxe4 55. Rxb4 Ra3 56. Rb5+ Kf4 57. Rb4 Re3+ 58. Kd1 Rd3+ 59. Ke2 Rc3
60. Rb2 1/2-1/2

[Event "III Festival Magistrale"]
[Site "Montecatini Terme ITA"]
[Date "1994.07.??"]
[Round "?"]
[White "Temi, Walter"]
[Black "De Santis, Alessio"]
[Result "1-0"]
[WhiteElo "2020"]
[BlackElo "2265"]
[PlyCount "81"]
[EventDate "1994.07.30"]

1. e4 d6 2. d4 Nf6 3. Nc3 c6 4. Nf3 Bg4 5. Be2 e6 6. Bg5 h6 7. Bh4 Qb6 8. Qd3
Na6 9. O-O Be7 10. Rfe1 g5 11. Bg3 Nh5 12. a3 Nxg3 13. hxg3 h5 14. Nd2 Bxe2 15.
Rxe2 Rd8 16. b4 Nb8 17. Nc4 Qc7 18. d5 cxd5 19. exd5 Rc8 20. Re4 f5 21. Nb5 Qd8
22. Rxe6 O-O 23. Nbxd6 b5 24. Nxc8 Bf6 25. Rae1 bxc4 26. Qxf5 Kg7 27. Ne7 Qe8
28. Qxf6+ Rxf6 29. Nf5+ Rxf5 30. Rxe8 Na6 31. R1e7+ Rf7 32. Rxf7+ Kxf7 33. Ra8
Kf6 34. Rxa7 Nb8 35. Rb7 Na6 36. Rb6+ Ke5 37. Rxa6 Kxd5 38. c3 Ke4 39. Rd6 h4
40. gxh4 gxh4 41. Rd4+ 1-0

[Event "III Festival Magistrale"]
[Site "Montecatini Terme ITA"]
[Date "1994.07.??"]
[Round "?"]
[White "Temi, Walter"]
[Black "Lanzani, Mario"]
[Result "0-1"]
[WhiteElo "2020"]
[BlackElo "2320"]
[PlyCount "86"]
[EventDate "1994.07.30"]

1. e4 e5 2. Nf3 Nc6 3. Nc3 Nf6 4. d4 exd4 5. Nd5 Nxe4 6. Qe2 f5 7. Ng5 d3 8.
cxd3 Nd4 9. Qh5+ g6 10. Qh4 c6 11. dxe4 cxd5 12. exd5 Bg7 13. Kd1 h6 14. Nf3
Qxh4 15. Nxh4 Kf7 16. g3 b5 17. Be3 Bb7 18. Bg2 Rhc8 19. Rc1 b4 20. Kd2 b3 21.
Nf3 Rxc1 22. Rxc1 Nxf3+ 23. Bxf3 Bxb2 24. axb3 Bxc1+ 25. Kxc1 g5 26. Kd2 a5 27.
Kc3 a4 28. bxa4 Rxa4 29. Kb3 Ra1 30. h4 g4 31. Be2 Bxd5+ 32. Kc3 h5 33. Kd4 Ke6
34. Bb5 Rb1 35. Bxd7+ Kxd7 36. Kxd5 Rb5+ 37. Kd4 Ke6 38. Bf4 Rb4+ 39. Ke3 Kd5
40. Bg5 Rb3+ 41. Ke2 Ke4 42. Bf4 Rb2+ 43. Ke1 Kf3 0-1

[Event "III Festival Magistrale"]
[Site "Montecatini Terme ITA"]
[Date "1994.07.??"]
[Round "?"]
[White "Tiviakov, Sergei"]
[Black "Mauro, Alan"]
[Result "1-0"]
[WhiteElo "2640"]
[BlackElo "2285"]
[PlyCount "87"]
[EventDate "1994.07.30"]

1. e4 c5 2. Nf3 d6 3. d4 cxd4 4. Nxd4 Nf6 5. Nc3 g6 6. g3 Bg7 7. Bg2 O-O 8. O-O
Nc6 9. Nde2 Bg4 10. h3 Bd7 11. Nd5 Nxd5 12. exd5 Ne5 13. Bf4 Nc4 14. b3 Na3 15.
c3 b5 16. Rc1 Qa5 17. Qd2 Rfc8 18. Bg5 Re8 19. Nd4 Rac8 20. Rfe1 Qb6 21. Nc6
Bxc6 22. dxc6 Kf8 23. Bxe7+ Rxe7 24. Qxd6 Rce8 25. Rxe7 Rxe7 26. Qxa3 Bxc3 27.
Qd6 Be5 28. Qd3 Kg7 29. Rc2 h5 30. h4 Bc7 31. Be4 a5 32. Qc3+ f6 33. Kg2 Re5
34. Qd3 f5 35. Bf3 Re7 36. Qd5 f4 37. g4 hxg4 38. Bxg4 b4 39. h5 Kh6 40. hxg6
Re5 41. Qf7 f3+ 42. Bxf3 Rg5+ 43. Kf1 Rxg6 44. Rc4 1-0

[Event "III Festival Magistrale"]
[Site "Montecatini Terme ITA"]
[Date "1994.07.??"]
[Round "?"]
[White "Tocchioni, Doriano"]
[Black "Bocchicchio, Gaetano"]
[Result "1-0"]
[WhiteElo "2265"]
[BlackElo "1999"]
[PlyCount "31"]
[EventDate "1994.07.30"]

1. d4 c5 2. d5 f5 3. Nc3 Nf6 4. Bg5 d6 5. Qd2 h6 6. Bxf6 exf6 7. h4 g5 8. e3
Bg7 9. Bd3 O-O 10. Nge2 Bd7 11. Ng3 Qc8 12. Nb5 Bxb5 13. Bxb5 c4 14. c3 Nd7 15.
Nxf5 Nb6 16. Ne7+ 1-0

[Event "III Festival Magistrale"]
[Site "Montecatini Terme ITA"]
[Date "1994.07.??"]
[Round "?"]
[White "Tocchioni, Doriano"]
[Black "Digiugno, Franco"]
[Result "1-0"]
[WhiteElo "2265"]
[BlackElo "2074"]
[PlyCount "131"]
[EventDate "1994.07.30"]

1. d4 d5 2. Nf3 e6 3. c4 c6 4. Nc3 Nf6 5. e3 Nbd7 6. Be2 dxc4 7. Bxc4 b5 8. Bb3
Bb7 9. a3 a6 10. O-O c5 11. Re1 Qc7 12. h3 Rd8 13. Qe2 Be7 14. Bc2 O-O 15. e4
cxd4 16. Nxd4 Nc5 17. Nf3 e5 18. Bd2 Ne6 19. Rac1 Nd4 20. Nxd4 Rxd4 21. Nd5 Qd6
22. Bb4 Rxb4 23. axb4 Nxd5 24. exd5 Qxd5 25. Be4 Qxe4 26. Qxe4 Bxe4 27. Rxe4
Rd8 28. g3 f6 29. Rc6 Rd1+ 30. Kg2 Rd2 31. Rxa6 Rxb2 32. Rb6 Rxb4 33. Rxb4 Bxb4
34. Rxb5 Bc3 35. Rb7 h5 36. Kf3 Kh7 37. Ke4 Kg6 38. Rb3 Be1 39. f4 exf4 40.
gxf4 h4 41. Rb1 Bg3 42. Rb7 Be1 43. Rb1 Bg3 44. Rg1 Kf7 45. Kf5 g6+ 46. Kg4 Kg7
47. Rg2 Kh6 48. f5 g5 49. Rc2 Be5 50. Rc4 Bb2 51. Rc8 Kg7 52. Kh5 Be5 53. Ra8
Bd4 54. Rb8 Be5 55. Rb7+ Kf8 56. Kg6 Ke8 57. Kg7 g4 58. hxg4 h3 59. Kg6 h2 60.
Rh7 Kf8 61. g5 fxg5 62. Kxg5 Kg8 63. Kg6 Kf8 64. f6 Kg8 65. f7+ Kf8 66. Rh5 1-0

[Event "III Festival Magistrale"]
[Site "Montecatini Terme ITA"]
[Date "1994.07.??"]
[Round "?"]
[White "Tocchioni, Doriano"]
[Black "Luciani, Valerio"]
[Result "1-0"]
[WhiteElo "2265"]
[BlackElo "2205"]
[PlyCount "83"]
[EventDate "1994.07.30"]

1. d4 f5 2. Bg5 g6 3. Nc3 Nf6 4. Bxf6 exf6 5. e3 d5 6. h4 h5 7. Nge2 c6 8. Nf4
Kf7 9. Bd3 Bd6 10. g3 Bxf4 11. gxf4 Qb6 12. a3 Re8 13. O-O Be6 14. Kh1 Nd7 15.
b4 Qc7 16. Ne2 Rh8 17. Rg1 Nb6 18. Rg2 Rag8 19. c3 Nc8 20. Qc2 Nd6 21. Rag1 Qc8
22. f3 Qd7 23. Ng3 Rh6 24. Nf1 Rhh8 25. Nd2 b6 26. Kh2 Rh6 27. c4 Rc8 28. c5
Ne8 29. a4 Ra8 30. Nb3 Qc7 31. b5 Rc8 32. Rg3 cxb5 33. axb5 Qd7 34. Qg2 g5 35.
hxg5 fxg5 36. Rxg5 Ke7 37. Rg7+ Bf7 38. Rxf7+ Kxf7 39. Qg8+ Ke7 40. Rg7+ Nxg7
41. Qxg7+ Ke8 42. Qxh6 1-0

[Event "III Festival Magistrale"]
[Site "Montecatini Terme ITA"]
[Date "1994.07.??"]
[Round "?"]
[White "Tocchioni, Doriano"]
[Black "Picardi, Angelo"]
[Result "1-0"]
[WhiteElo "2265"]
[BlackElo "2123"]
[PlyCount "61"]
[EventDate "1994.07.30"]

1. d4 Nf6 2. Bg5 Ne4 3. Bf4 c5 4. d5 e6 5. f3 Nf6 6. e4 exd5 7. exd5 d6 8. Ne2
Be7 9. Ng3 O-O 10. c4 Re8 11. Be2 h5 12. Nc3 h4 13. Nge4 Nxe4 14. Nxe4 Bf5 15.
O-O Bxe4 16. fxe4 Bg5 17. Qd2 Re5 18. Bg4 Na6 19. Rf2 Qe7 20. Raf1 Bxf4 21.
Rxf4 Qg5 22. Qf2 Nb4 23. Qe2 Rc8 24. a3 Na6 25. Qf3 f6 26. Be6+ Rxe6 27. dxe6
Nc7 28. Rg4 Qh6 29. Qxf6 Qxf6 30. Rxf6 Nxe6 31. Rf5 1-0

[Event "III Festival Magistrale"]
[Site "Montecatini Terme ITA"]
[Date "1994.07.??"]
[Round "?"]
[White "Vezzosi, Paolo"]
[Black "Isonzo, David"]
[Result "1/2-1/2"]
[WhiteElo "2300"]
[BlackElo "2124"]
[PlyCount "46"]
[EventDate "1994.07.30"]

1. e4 c5 2. Nf3 d6 3. d4 cxd4 4. Nxd4 Nf6 5. Nc3 a6 6. Bg5 e6 7. f4 Be7 8. Qf3
Qc7 9. O-O-O Nbd7 10. g4 b5 11. a3 Rb8 12. Bh4 Nc5 13. Bxf6 gxf6 14. f5 b4 15.
axb4 Rxb4 16. g5 fxg5 17. fxe6 fxe6 18. Bh3 h5 19. Nxe6 Bxe6 20. Bxe6 Nxe6 21.
Nd5 Qa5 22. Nxb4 Qxb4 23. Rhf1 Kd7 1/2-1/2

[Event "III Festival Magistrale"]
[Site "Montecatini Terme ITA"]
[Date "1994.07.??"]
[Round "?"]
[White "Vezzosi, Paolo"]
[Black "Niermann, Michael"]
[Result "1/2-1/2"]
[WhiteElo "2300"]
[BlackElo "2325"]
[PlyCount "81"]
[EventDate "1994.07.30"]

1. d4 Nf6 2. Nf3 g6 3. Bg5 Bg7 4. Nbd2 O-O 5. e4 d6 6. c3 c5 7. dxc5 dxc5 8.
Bc4 Nc6 9. O-O Qc7 10. Re1 Ne5 11. Bf1 c4 12. Qa4 Bd7 13. Qb4 Rac8 14. Bf4 Nc6
15. Bxc7 Nxb4 16. cxb4 Rxc7 17. Bxc4 e6 18. Rab1 Rd8 19. b5 Bh6 20. Re2 Be8 21.
b3 a6 22. a4 axb5 23. axb5 Rcd7 24. e5 Ng4 25. Ne4 Rd1+ 26. Re1 Rxb1 27. Rxb1
Bg7 28. Nc5 Nxe5 29. Nxe5 Bxe5 30. Nxb7 Rb8 31. Nc5 Bxb5 32. Bxb5 Rxb5 33. Nd3
Kf8 34. Nxe5 Rxe5 35. Kf1 Ke7 36. Rc1 Kd6 37. Rc3 h5 38. Rf3 Ke7 39. Rd3 f6 40.
f3 h4 41. Kf2 1/2-1/2

[Event "III Festival Magistrale"]
[Site "Montecatini Terme ITA"]
[Date "1994.07.??"]
[Round "?"]
[White "Vezzosi, Paolo"]
[Black "Rossi, Giampiero"]
[Result "1-0"]
[WhiteElo "2300"]
[BlackElo "2205"]
[PlyCount "69"]
[EventDate "1994.07.30"]

1. e4 c5 2. Nf3 e6 3. Nc3 a6 4. d4 cxd4 5. Nxd4 Qc7 6. g3 Nf6 7. Bg2 Be7 8. O-O
O-O 9. Re1 d6 10. h3 Bd7 11. Nce2 Nc6 12. c4 Rfc8 13. b3 Rab8 14. Bb2 b5 15.
Rc1 Qb6 16. Nxc6 Bxc6 17. Nd4 Be8 18. Qe2 Bf8 19. cxb5 axb5 20. a3 e5 21. Nf5
Bc6 22. Rcd1 Rd8 23. g4 g6 24. Ng3 Ne8 25. Qe3 Qb7 26. Kh2 Ng7 27. f4 f6 28. f5
gxf5 29. gxf5 d5 30. exd5 Bxd5 31. Rxd5 Rxd5 32. Ne4 Be7 33. Nc3 Rbd8 34. Nxd5
Rxd5 35. Qe4 1-0

[Event "III Festival Magistrale"]
[Site "Montecatini Terme ITA"]
[Date "1994.07.??"]
[Round "?"]
[White "Vezzosi, Paolo"]
[Black "Solinas, Carlo"]
[Result "1/2-1/2"]
[WhiteElo "2300"]
[BlackElo "2018"]
[PlyCount "102"]
[EventDate "1994.07.30"]

1. d4 Nf6 2. Nf3 g6 3. Nc3 d5 4. Bf4 Bg7 5. e3 O-O 6. Be2 a6 7. Ne5 b5 8. a3
Bb7 9. h4 Ne8 10. h5 g5 11. Bxg5 f6 12. h6 Bh8 13. Bg4 Qd6 14. Nf3 fxg5 15.
Nxg5 Bf6 16. Be6+ Kh8 17. Nf7+ Rxf7 18. Bxf7 Qd7 19. Qh5 Nc6 20. Qxd5 Nd6 21.
Be6 Qe8 22. Qh5 Qxh5 23. Rxh5 Nd8 24. Bd5 c6 25. Bf3 N8f7 26. O-O-O Rg8 27. Ne4
Nxe4 28. Bxe4 Nd6 29. Bf3 Bg5 30. Rdh1 Nf5 31. Kb1 e6 32. R1h2 Ne7 33. c3 Bc8
34. g3 Bd7 35. Bd1 Be8 36. R5h3 Nf5 37. e4 Nd6 38. f4 Be7 39. Bf3 Bg6 40. Re2
Rf8 41. b3 a5 42. Rh1 a4 43. b4 Nc4 44. Ka2 e5 45. dxe5 Nxe5 46. Bh5 Nc4 47.
Bxg6 hxg6 48. Rd1 Nb6 49. Rf2 Kh7 50. Rh2 Rf7 51. Rf1 Nc4 1/2-1/2

[Event "III Festival Magistrale"]
[Site "Montecatini Terme ITA"]
[Date "1994.07.??"]
[Round "?"]
[White "Wagman, Stuart"]
[Black "Foisor, Ovidiu-Doru"]
[Result "1/2-1/2"]
[WhiteElo "2210"]
[BlackElo "2440"]
[PlyCount "90"]
[EventDate "1994.07.30"]

1. e4 c5 2. Nf3 e6 3. d4 cxd4 4. Nxd4 Nf6 5. Nc3 d6 6. Be2 a6 7. O-O Be7 8. f4
O-O 9. Kh1 Qc7 10. Qe1 b5 11. a3 Bb7 12. Bd3 Nbd7 13. Bd2 Nc5 14. b4 Nxd3 15.
cxd3 Rac8 16. Rc1 Qd8 17. Qg3 Nd7 18. f5 Bf6 19. Nce2 e5 20. Nb3 d5 21. Nc3 d4
22. Ne2 Qb6 23. Ng1 Rxc1 24. Rxc1 Rc8 25. Qe1 Rxc1 26. Qxc1 Qc6 27. Qxc6 Bxc6
28. Nf3 g6 29. g4 gxf5 30. gxf5 Be7 31. Kg2 f6 32. Kf2 Nb8 33. Bh6 Be8 34. Na5
Bd8 35. Nb7 Bb6 36. Nd6 Bd7 37. Nd2 Bc7 38. Nb7 Bc8 39. Nc5 Kf7 40. Ndb3 Nc6
41. Bd2 Bd6 42. Ke2 Bf8 43. Kd1 Ke7 44. Ke2 Kd6 45. Kd1 Ke7 1/2-1/2

[Event "III Festival Magistrale"]
[Site "Montecatini Terme ITA"]
[Date "1994.07.??"]
[Round "?"]
[White "Wagman, Stuart"]
[Black "Iotti, Pierluigi"]
[Result "0-1"]
[WhiteElo "2210"]
[BlackElo "2255"]
[PlyCount "62"]
[EventDate "1994.07.30"]

1. e4 e6 2. d4 d5 3. Nc3 Bb4 4. e5 c5 5. a3 Bxc3+ 6. bxc3 Qc7 7. Nf3 Ne7 8. Be2
Bd7 9. a4 Nbc6 10. O-O f6 11. Ba3 fxe5 12. Bxc5 e4 13. Nd2 O-O 14. c4 Rf6 15.
Nxe4 dxe4 16. d5 exd5 17. cxd5 Rh6 18. g3 Bh3 19. d6 Qa5 20. Be3 Bxf1 21. Bxf1
Nf5 22. Bxh6 Nxh6 23. Rb1 Qf5 24. Rb5 Qf6 25. Qd5+ Kh8 26. Qxe4 Rf8 27. f4 Qxd6
28. Bd3 g6 29. Rxb7 Ng4 30. Kg2 Nf6 31. Qf3 Nd4 0-1

[Event "III Festival Magistrale"]
[Site "Montecatini Terme ITA"]
[Date "1994.07.??"]
[Round "?"]
[White "Wagman, Stuart"]
[Black "Nannelli, Paolo"]
[Result "1/2-1/2"]
[WhiteElo "2210"]
[BlackElo "1992"]
[PlyCount "35"]
[EventDate "1994.07.30"]

1. e4 c6 2. d4 d5 3. exd5 cxd5 4. c4 Nf6 5. Nc3 Nc6 6. Nf3 Bg4 7. cxd5 Nxd5 8.
Qb3 Bxf3 9. gxf3 e6 10. Qxb7 Nxd4 11. Bb5+ Nxb5 12. Qc6+ Ke7 13. Qxb5 Qd7 14.
Nxd5+ Qxd5 15. Qxd5 exd5 16. Be3 Ke6 17. O-O-O Bb4 18. Rd3 1/2-1/2

[Event "III Festival Magistrale"]
[Site "Montecatini Terme ITA"]
[Date "1994.07.??"]
[Round "?"]
[White "Zelcic, Robert"]
[Black "Astengo, Marcello"]
[Result "1-0"]
[WhiteElo "2485"]
[BlackElo "2080"]
[PlyCount "55"]
[EventDate "1994.07.30"]

1. e4 e6 2. c4 b6 3. d4 Bb7 4. Nc3 Bb4 5. Bd3 Nf6 6. Qe2 O-O 7. e5 Bxg2 8. Bg5
Bxh1 9. exf6 g6 10. f3 d5 11. O-O-O Nc6 12. Qf2 dxc4 13. Be4 Nxd4 14. Rxd4 Bc5
15. Nge2 Bxd4 16. Nxd4 Re8 17. Nc6 Qd6 18. Qh4 h5 19. Ne7+ Rxe7 20. fxe7 Re8
21. Bf6 Qc5 22. Qf4 Kh7 23. Qg5 Qxg5+ 24. Bxg5 f6 25. Bxf6 Kg8 26. Bc6 Kf7 27.
Bxe8+ Kxe8 28. Nb5 1-0